MARC

LEADER 00000nam0a2200000 4500
001 233055
005 20231101231222.0
035 |a (RuTPU)RU\TPU\book\254120 
090 |a 233055 
100 |a 20130226d1987 m y0rusy50 ca 
101 0 |a rus 
102 |a UA 
105 |a a j 001zy 
200 1 |a Гидрологические и водно-балансовые расчеты  |e учебное пособие  |f Л. М. Козинцева [и др.]  |g под ред. Н. Г. Галущенко 
210 |a Киев  |c Вища школа  |d 1987 
215 |a 248 с.  |c ил. 
320 |a Предметный указатель: с. 242-244. 
320 |a Библиогр.: с. 240-241. 
606 1 |a Гидрологические расчеты  |2 stltpush  |3 (RuTPU)RU\TPU\subj\71307  |9 85268 
610 1 |a реки 
610 1 |a гидрографические характеристики 
610 1 |a морфометрические характеристики 
610 1 |a государственный учет 
610 1 |a гидрометрические наблюдения 
610 1 |a гидрология 
610 1 |a статистические методы 
610 1 |a годовой сток 
610 1 |a изменчивость 
610 1 |a нормы 
610 1 |a распределение 
610 1 |a расходы воды 
610 1 |a весенний паводок 
610 1 |a дождевые паводки 
610 1 |a речные наносы 
610 1 |a хозяйственная деятельность 
610 1 |a водно-балансовые расчеты 
610 1 |a методы наблюдения 
610 1 |a учебные пособия 
675 |a 556.04(075.8)  |v 3 
701 1 |a Козинцева  |b Л. М.  |g Лариса Максимовна 
701 1 |a Галущенко  |b Н. Г.  |g Николай Григорьевич 
701 1 |a Ревера  |b О. З.  |g Олег Захарович 
701 1 |a Левковский  |b С. С.  |g Степан Степанович 
701 1 |a Будкина  |b Л. Г.  |g Людмила Григорьевна 
701 1 |a Кордюм  |b А. Б.  |g Аркадий Борисович 
702 1 |a Галущенко  |b Н. Г.  |g Николай Григорьевич  |4 340 
801 1 |a RU  |b 63413507  |c 20130226 
801 2 |a RU  |b 63413507  |c 20130418  |g RCR 
942 |c BK